El Derecho del mar desde la perspectiva costarricense
Gardado en:
| Autor Principal: | |
|---|---|
| Formato: | Texto |
| Publicado: |
San José:
Universidad de Costa Rica
|
| Etiquetas: |
Engadir etiqueta
Sen Etiquetas, Sexa o primeiro en etiquetar este rexistro!
|
MARC
| LEADER | 00000 a a2200000 04500 | ||
|---|---|---|---|
| 001 | 15827 | ||
| 003 | |||
| 040 | |||
| 090 | |a 015700 | ||
| 100 | |a Romero Pérez, Jorge Enrique | ||
| 245 | |a El Derecho del mar desde la perspectiva costarricense | ||
| 260 | |a San José: |b Universidad de Costa Rica | ||
| 300 | |a 26 p. | ||
| 999 | |c 11926 |d 11926 | ||
